00214nam a2200097Ia 4500008004100000100000900041245002100050260002100071942000700092999001700099190216s9999||||xx |||||||||||||| ||und|| aNull 0aHindi-Gad Malika bBhasha Institute cBK c17366d17366